00430nam a22001337a 4500003000400000008004100004020001800045082002000063245008100083260006300164300001100227650003600238700002200274OSt260624b |||||||| |||| 00| 0 eng d a9789391734411 a579.50954bM28F aFungi of India: List and References 1988-2020/ by C Manoharachary...[et al.] aDelhi : bToday & Tomorrow Printers and Publishers,c2022. a475 p. aPure Sciences | Biology | Fungi aManoharachary, C